Our search for serenity / (Record no. 4015)

MARC details
000 -LEADER
fixed length control field 00803nam a2200253Ia 4500
001 - CONTROL NUMBER
control field 12383
003 - CONTROL NUMBER IDENTIFIER
control field GBCCL
005 - DATE AND TIME OF LATEST TRANSACTION
control field 20241126110509.0
008 - FIXED-LENGTH DATA ELEMENTS--GENERAL INFORMATION
fixed length control field 831215s1983 mnu 00010 eng d
035 ## - SYSTEM CONTROL NUMBER
System control number OCM10223912
040 ## - CATALOGING SOURCE
Original cataloging agency EZV
Transcribing agency EZV
Modifying agency LBB
049 ## -
-- LBBK
082 ## - DEWEY DECIMAL CLASSIFICATION NUMBER
Classification number 248.4
Item number TCH
092 ## - LOCALLY ASSIGNED DEWEY CALL NUMBER (OCLC)
Item number T251
100 10 - MAIN ENTRY--PERSONAL NAME
Personal name Tchividjian, Stephan.
9 (RLIN) 9230
245 10 - TITLE STATEMENT
Title Our search for serenity /
Statement of responsibility, etc. Stephan & Gigi Tchividjian.
250 ## - EDITION STATEMENT
Edition statement Rev. ed.
260 0# - PUBLICATION, DISTRIBUTION, ETC.
Place of publication, distribution, etc. Minneapolis, Minn. :
Name of publisher, distributor, etc. World Wide,
Date of publication, distribution, etc. c1983.
300 ## - PHYSICAL DESCRIPTION
Extent 168 p. ;
Dimensions 21 cm.
503 ## - BIBLIOGRAPHIC HISTORY NOTE (BK CF MU) [OBSOLETE]
Bibliographic history note "This special edition is printed with permission from the original publisher, Fleming H. Revell Company, 184 Central Avenue, Old Tappan, N.J."--T.p. verso.
650 #0 - SUBJECT ADDED ENTRY--TOPICAL TERM
Topical term or geographic name entry element Christian life.
9 (RLIN) 183
700 10 - ADDED ENTRY--PERSONAL NAME
Personal name Tchividjian, Gigi.
9 (RLIN) 6792
942 ## - ADDED ENTRY ELEMENTS (KOHA)
Source of classification or shelving scheme Dewey Decimal Classification
Koha item type Books
Holdings
Withdrawn status Lost status Source of classification or shelving scheme Damaged status Not for loan Home library Current Library Shelving location Date acquired Total checkouts Full call number Barcode Date last seen Copy number Price effective from Koha item type
    Dewey Decimal Classification     GRACE BIBLE COLLEGE GRACE BIBLE COLLEGE Ministry & Mission 2017-12-20   248.4 TCH 008640 2025-05-01 c.1 2017-12-20 Books
© Grace Bible College Library 2025